[Event "GBR-ch 108th"]
[Site "Torquay"]
[Date "2022.08.18"]
[Round "6.14"]
[White "Jones, Steven A"]
[Black "Milchev, Nikolay"]
[Result "0-1"]
[WhiteElo "2210"]
[BlackElo "2408"]
[PlyCount "96"]
[EventDate "2022.08.13"]
[EventType "swiss"]
[EventRounds "9"]
[EventCountry "GBR"]
[SourceTitle "BritBase"]
[Source "John Saunders"]
[SourceDate "2022.08.22"]
[SourceVersion "1"]
[SourceVersionDate "2022.08.22"]
[SourceQuality "2"]

1. e4 Nf6 2. e5 Nd5 3. d4 d6 4. c4 Nb6 5. exd6 cxd6 6. Nc3 g6 7. Be3 Bg7 8. Rc1
O-O 9. b3 Bf5 10. Be2 e5 11. Nf3 Nc6 12. d5 Ne7 13. c5 dxc5 14. d6 Nc6 15. Bxc5
e4 16. Nd2 e3 17. Nf3 exf2+ 18. Bxf2 Ne5 19. O-O Ng4 20. Bh4 Ne3 21. Bxd8 Nxd1
22. Rfxd1 Rfxd8 23. Nb5 a6 24. Nc7 Rac8 25. Nd5 Nxd5 26. Rxc8 Bxc8 27. Rxd5 Bf8
28. Kf2 Bxd6 29. Ke3 Be6 30. Rd1 Bc5+ 31. Kf4 Rxd1 32. Bxd1 f6 33. h3 Kf7 34.
Nd2 Bd5 35. g4 Ke6 36. Bc2 b5 37. Ne4 Bd4 38. h4 h6 39. h5 g5+ 40. Kg3 Ke5 41.
Nd2 Be3 42. Nf3+ Kd6 43. Ne1 Kc5 44. Bf5 Bf4+ 45. Kf2 Kd4 46. Nd3 a5 47. b4 a4
48. a3 Kc3 0-1

[Event "GBR-ch 108th"]
[Site "Torquay"]
[Date "2022.08.18"]
[Round "6.15"]
[White "Toma, Katarzyna"]
[Black "Dishman, Stephen"]
[Result "1/2-1/2"]
[WhiteElo "2303"]
[BlackElo "2248"]
[PlyCount "92"]
[EventDate "2022.08.13"]
[EventType "swiss"]
[EventRounds "9"]
[EventCountry "GBR"]
[SourceTitle "BritBase"]
[Source "John Saunders"]
[SourceDate "2022.08.22"]
[SourceVersion "1"]
[SourceVersionDate "2022.08.22"]
[SourceQuality "2"]

1. e4 c6 2. Nc3 d5 3. Nf3 dxe4 4. Nxe4 Nf6 5. Qe2 Nxe4 6. Qxe4 Nd7 7. Bc4 Nf6
8. Ne5 e6 9. Qe2 b5 10. Bb3 Qc7 11. d4 Bd6 12. O-O O-O 13. c3 c5 14. Bg5 c4 15.
Bc2 Nd5 16. Bd2 Bb7 17. Rfe1 Rae8 18. Qh5 f5 19. f3 a5 20. Re2 Bxe5 21. Rxe5
Qd7 22. Rae1 Bc6 23. a3 Rf7 24. Qh4 Kh8 25. R1e2 Rff8 26. Kf2 Qf7 27. g4 g6 28.
g5 Qd7 29. Qg3 Re7 30. h4 Qe8 31. Kg1 Qf7 32. Bf4 Nxf4 33. Qxf4 Bd5 34. Rh2 Rb7
35. Ree2 Qc7 36. Qxc7 Rxc7 37. Kf2 Rb7 38. h5 Kg7 39. Kg3 b4 40. axb4 axb4 41.
Kf4 b3 42. Bd1 Ra7 43. Re1 gxh5 44. Rxh5 Rff7 45. Reh1 Kf8 46. Be2 Rg7 1/2-1/2

[Event "GBR-ch 108th"]
[Site "Torquay"]
[Date "2022.08.18"]
[Round "6.16"]
[White "Richardson, John R"]
[Black "Bradbury, Neil H"]
[Result "1/2-1/2"]
[WhiteElo "2296"]
[BlackElo "2211"]
[PlyCount "101"]
[EventDate "2022.08.13"]
[EventType "swiss"]
[EventRounds "9"]
[EventCountry "GBR"]
[SourceTitle "BritBase"]
[Source "John Saunders"]
[SourceDate "2022.08.22"]
[SourceVersion "1"]
[SourceVersionDate "2022.08.22"]
[SourceQuality "2"]

1. d4 Nf6 2. c4 c5 3. d5 e6 4. Nc3 exd5 5. cxd5 d6 6. Nf3 g6 7. g3 Bg7 8. Bg2
O-O 9. O-O Re8 10. Nd2 Nbd7 11. h3 a6 12. a4 b6 13. Nc4 Ne5 14. Na3 Nh5 15. e4
b5 16. Ne2 b4 17. Nc2 a5 18. f4 Nc4 19. g4 Nf6 20. Ng3 Ba6 21. Re1 Nd7 22. Rb1
b3 23. Ne3 Nxe3 24. Bxe3 Rb8 25. Kh2 Rb4 26. Bd2 Rb8 27. Re3 c4 28. Qe1 Bd4 29.
Bxa5 Qf6 30. Rf3 Bxb2 31. e5 Nxe5 32. fxe5 Qxe5 33. Qxe5 Bxe5 34. Bc3 Bb7 35.
Bxe5 Rxe5 36. Rc3 Bxd5 37. Bxd5 Rxd5 38. Rxc4 Rd2+ 39. Kg1 Ra2 40. Rd4 Rb6 41.
Ne4 Rc6 42. Rd2 d5 43. Rxd5 Rcc2 44. Rd3 Rg2+ 45. Kf1 Rh2 46. Kg1 Rag2+ 47. Kf1
b2 48. Nc3 Rc2 49. Kg1 Rcg2+ 50. Kf1 Rc2 51. Kg1 1/2-1/2

[Event "GBR-ch 108th"]
[Site "Torquay"]
[Date "2022.08.18"]
[Round "6.17"]
[White "Storey, Charles H"]
[Black "Lan Yao"]
[Result "0-1"]
[WhiteElo "2167"]
[BlackElo "2274"]
[PlyCount "88"]
[EventDate "2022.08.13"]
[EventType "swiss"]
[EventRounds "9"]
[EventCountry "GBR"]
[SourceTitle "BritBase"]
[Source "John Saunders"]
[SourceDate "2022.08.22"]
[SourceVersion "1"]
[SourceVersionDate "2022.08.22"]
[SourceQuality "2"]

1. d4 Nf6 2. Bf4 e6 3. e3 b6 4. Qf3 Nc6 5. Nd2 Bb7 6. c3 d6 7. Bb5 Qd7 8. e4 a6
9. Ba4 b5 10. Bc2 e5 11. Be3 exd4 12. cxd4 Ne7 13. h3 Ng6 14. g4 h6 15. Ne2 Be7
16. Rg1 Nh7 17. Ng3 Bg5 18. Nf5 O-O 19. Qg3 Bxe3 20. fxe3 Rfe8 21. h4 Ngf8 22.
g5 hxg5 23. hxg5 Re6 24. O-O-O Rae8 25. d5 Re5 26. Rdf1 c6 27. Rh1 cxd5 28.
Rxh7 Nxh7 29. Rh1 dxe4 30. Nd4 Nxg5 31. Bd1 Nf3 32. N2xf3 exf3 33. Qh4 Kf8 34.
Kd2 Qd8 35. Qh8+ Ke7 36. Qxg7 Rg8 37. Qh6 Rg2+ 38. Kc1 Be4 39. Bb3 Qc8+ 40. Kd1
Qg4 41. Rf1 Rh5 42. Qf4 Qxf4 43. exf4 Rhh2 44. Kc1 Rxb2 0-1

[Event "GBR-ch 108th"]
[Site "Torquay"]
[Date "2022.08.18"]
[Round "6.18"]
[White "Zapolskis, Antanas"]
[Black "Taylor, Adam A"]
[Result "0-1"]
[WhiteElo "2266"]
[BlackElo "2204"]
[PlyCount "62"]
[EventDate "2022.08.13"]
[EventType "swiss"]
[EventRounds "9"]
[EventCountry "GBR"]
[SourceTitle "BritBase"]
[Source "John Saunders"]
[SourceDate "2022.08.22"]
[SourceVersion "1"]
[SourceVersionDate "2022.08.22"]
[SourceQuality "2"]

1. e4 c5 2. Nf3 Nc6 3. d4 cxd4 4. Nxd4 e5 5. Nf3 Nf6 6. Nc3 Bb4 7. Bc4 O-O 8.
O-O d6 9. Nd5 Nxd5 10. Bxd5 Bc5 11. c3 h6 12. b4 Bb6 13. h3 Kh8 14. Be3 Ne7 15.
Bxb6 Qxb6 16. Bb3 f5 17. Nd2 Rf6 18. Nc4 Qc7 19. f4 exf4 20. Rxf4 Ng6 21. Rf2
f4 22. Rd2 Be6 23. Nxd6 Qxc3 24. Bxe6 Rxe6 25. Rc1 Qe3+ 26. Kh1 f3 27. gxf3 Ne5
28. Nf5 Qxf3+ 29. Qxf3 Nxf3 30. Rd7 Rxe4 31. Rcc7 Re2 0-1

[Event "GBR-ch 108th"]
[Site "Torquay"]
[Date "2022.08.18"]
[Round "6.19"]
[White "Lentzos, Ioanis"]
[Black "Ward, Christopher"]
[Result "1/2-1/2"]
[WhiteElo "2097"]
[BlackElo "2402"]
[PlyCount "110"]
[EventDate "2022.08.13"]
[EventType "swiss"]
[EventRounds "9"]
[EventCountry "GBR"]
[SourceTitle "BritBase"]
[Source "John Saunders"]
[SourceDate "2022.08.22"]
[SourceVersion "1"]
[SourceVersionDate "2022.08.22"]
[SourceQuality "2"]

1. d4 Nf6 2. c4 e6 3. Nf3 d5 4. Nc3 dxc4 5. e4 b5 6. e5 Nd5 7. Nxb5 Nb6 8. Be2
Be7 9. O-O Nc6 10. Be3 O-O 11. Qc1 a6 12. Nc3 Bb7 13. Rd1 Nb4 14. Nd2 Nd3 15.
Qb1 f5 16. exf6 Rxf6 17. Nxc4 Nf4 18. Bxf4 Rxf4 19. Na5 Bxg2 20. Kxg2 Bd6 21.
Ne4 Qh4 22. Ng3 Rxf2+ 23. Kxf2 Qxh2+ 24. Ke1 Bb4+ 25. Rd2 Qxg3+ 26. Kd1 Bxd2
27. Kxd2 Qg5+ 28. Kd1 Qxa5 29. Qe4 Qd5 30. Qxd5 Nxd5 31. Rc1 Rb8 32. b3 a5 33.
Ke1 Rb4 34. Bg4 Rxd4 35. Bxe6+ Kf8 36. Bxd5 Rxd5 37. Rxc7 h6 38. a4 Rd3 39. Rb7
Kg8 40. Ke2 Rh3 41. Kf2 Kh7 42. Rb6 h5 43. Kg2 Rc3 44. Kh2 g6 45. Rb5 Kh6 46.
b4 axb4 47. Rxb4 g5 48. Rb6+ Kg7 49. a5 Ra3 50. a6 g4 51. Kg2 h4 52. Rb4 h3+
53. Kh2 Ra2+ 54. Kh1 Ra1+ 55. Kh2 Ra2+ 1/2-1/2

[Event "GBR-ch 108th"]
[Site "Torquay"]
[Date "2022.08.18"]
[Round "6.20"]
[White "Stoyanov, Viktor"]
[Black "Jackson, Sheila"]
[Result "1-0"]
[WhiteElo "2246"]
[BlackElo "2070"]
[PlyCount "81"]
[EventDate "2022.08.13"]
[EventType "swiss"]
[EventRounds "9"]
[EventCountry "GBR"]
[SourceTitle "BritBase"]
[Source "John Saunders"]
[SourceDate "2022.08.22"]
[SourceVersion "1"]
[SourceVersionDate "2022.08.22"]
[SourceQuality "2"]

1. e4 c5 2. Nf3 Nc6 3. d4 cxd4 4. Nxd4 e5 5. Nb5 a6 6. Nd6+ Bxd6 7. Qxd6 Qf6 8.
Qd3 Nge7 9. Nc3 O-O 10. Be3 Qg6 11. O-O-O f5 12. f3 b5 13. exf5 Nxf5 14. Bc5
Rf7 15. Ne4 Nfd4 16. Nd6 Rf6 17. Qxg6 Rxg6 18. c3 Ne6 19. Bf2 Nf8 20. Bg3 Re6
21. Be2 Rb8 22. Rd2 Bb7 23. b4 Ne7 24. Rhd1 Bc6 25. c4 Nfg6 26. a3 Nf4 27. Bf1
g6 28. Bf2 Nf5 29. Bc5 Nxd6 30. Bxd6 Rc8 31. Kb2 Nh5 32. cxb5 axb5 33. a4 bxa4
34. Bc4 e4 35. b5 Bb7 36. Bxe6+ dxe6 37. fxe4 Bxe4 38. Be5 Bd5 39. Rxd5 exd5
40. Ka3 d4 41. b6 1-0

[Event "GBR-ch 108th"]
[Site "Torquay"]
[Date "2022.08.18"]
[Round "6.21"]
[White "Salmons, Calum"]
[Black "Villiers, Thomas"]
[Result "1/2-1/2"]
[WhiteElo "1944"]
[BlackElo "2170"]
[PlyCount "55"]
[EventDate "2022.08.13"]
[EventType "swiss"]
[EventRounds "9"]
[EventCountry "GBR"]
[SourceTitle "BritBase"]
[Source "John Saunders"]
[SourceDate "2022.08.22"]
[SourceVersion "1"]
[SourceVersionDate "2022.08.22"]
[SourceQuality "2"]

1. d4 e6 2. Bf4 g5 3. Be5 Nf6 4. e3 d6 5. Bg3 Nc6 6. Nc3 d5 7. a3 Bd6 8. Nf3
Rg8 9. Ne5 Ne7 10. Bd3 Nf5 11. Qd2 h5 12. Bxf5 exf5 13. f4 Ne4 14. Nxe4 fxe4
15. fxg5 Qxg5 16. Qf2 f6 17. Bh4 Qg7 18. Qxf6 Qxf6 19. Bxf6 Rxg2 20. O-O-O Bh3
21. Rdg1 Bxe5 22. Bxe5 Kd7 23. Rxg2 Bxg2 24. Rg1 Rg8 25. Kd2 Rg4 26. Bg3 Bh3
27. Bf2 Rxg1 28. Bxg1 1/2-1/2

[Event "GBR-ch 108th"]
[Site "Torquay"]
[Date "2022.08.18"]
[Round "6.22"]
[White "Eames, Robert S"]
[Black "Brewer, Callum D"]
[Result "1/2-1/2"]
[WhiteElo "2112"]
[BlackElo "2159"]
[PlyCount "117"]
[EventDate "2022.08.13"]
[EventType "swiss"]
[EventRounds "9"]
[EventCountry "GBR"]
[SourceTitle "BritBase"]
[Source "John Saunders"]
[SourceDate "2022.08.22"]
[SourceVersion "1"]
[SourceVersionDate "2022.08.22"]
[SourceQuality "2"]

1. e4 c6 2. d4 d5 3. e5 Bf5 4. h4 h5 5. Bd3 Bxd3 6. Qxd3 Qa5+ 7. Nc3 e6 8. Bg5
c5 9. dxc5 Bxc5 10. Nf3 Nc6 11. O-O Nh6 12. a3 Be7 13. Bxe7 Nxe7 14. Nb5 Nhf5
15. Rfe1 O-O 16. Ng5 g6 17. Nd6 Qb6 18. Nxf5 Nxf5 19. c4 dxc4 20. Qxc4 Qd4 21.
Qxd4 Nxd4 22. Rad1 Rfd8 23. Ne4 Nf5 24. g3 Kf8 25. Nf6 Nd4 26. Kg2 Rac8 27. Rd2
Nb3 28. Rxd8+ Rxd8 29. Re3 Na5 30. Re2 Nc4 31. Kf3 Rd3+ 32. Kf4 Rd2 33. Rxd2
Nxd2 34. Nd7+ Ke7 35. Nc5 Nc4 36. Nd3 b6 37. Ke4 Na5 38. Nb4 Nc4 39. Nc6+ Kd7
40. Nxa7 Nxb2 41. Kd4 Nd1 42. f3 Nf2 43. Ke3 Nd1+ 44. Kf4 Nc3 45. Kg5 Ne2 46.
g4 Ng1 47. gxh5 gxh5 48. f4 Nh3+ 49. Kxh5 Nxf4+ 50. Kg5 Ng6 51. Kf6 Nxh4 52.
Kxf7 Nf3 53. Kf6 Nd4 54. a4 Nb3 55. Nb5 Nc5 56. Nd4 Ne4+ 57. Kf7 Nc5 58. Kf6
Ne4+ 59. Kf7 1/2-1/2

[Event "GBR-ch 108th"]
[Site "Torquay"]
[Date "2022.08.18"]
[Round "6.23"]
[White "Modi, Shyam Jagdish"]
[Black "Burrows, Martin P"]
[Result "0-1"]
[WhiteElo "2148"]
[BlackElo "2064"]
[PlyCount "146"]
[EventDate "2022.08.13"]
[EventType "swiss"]
[EventRounds "9"]
[EventCountry "GBR"]
[SourceTitle "BritBase"]
[Source "John Saunders"]
[SourceDate "2022.08.22"]
[SourceVersion "1"]
[SourceVersionDate "2022.08.22"]
[SourceQuality "2"]

1. d4 Nf6 2. c4 e6 3. g3 d5 4. Nf3 Be7 5. Bg2 O-O 6. O-O dxc4 7. Qc2 a6 8. a4
Bd7 9. Qxc4 Bc6 10. Bg5 Bd5 11. Qc2 Be4 12. Qc1 h6 13. Bxf6 Bxf6 14. Rd1 c6 15.
a5 Nd7 16. Nbd2 Bxf3 17. Bxf3 Be7 18. Nc4 Qc7 19. Qc2 Rfd8 20. Rac1 Nf6 21. h4
Bb4 22. Qb3 Qe7 23. e3 Rac8 24. Kg2 Rc7 25. Ra1 Qf8 26. Ne5 Bd6 27. Nd3 Nd7 28.
Rac1 e5 29. dxe5 Nxe5 30. Nxe5 Bxe5 31. Bg4 Rxd1 32. Rxd1 Qe7 33. f4 Bf6 34.
Rd2 Qc5 35. e4 Qxa5 36. Qd1 Qb4 37. e5 Be7 38. h5 Bf8 39. Bf5 Re7 40. Kh3 Re8
41. b3 Qc5 42. Rd7 b5 43. Bb1 Qc3 44. Rd3 Qb2 45. Rd2 Qc3 46. Bc2 a5 47. Rd3
Qc5 48. Rd7 Qc3 49. Qe2 f5 50. Bxf5 Qxb3 51. Qg4 Qc4 52. Rd1 Qb3 53. e6 g5 54.
fxg5 Qc4 55. Qf3 hxg5 56. g4 Bg7 57. h6 Bxh6 58. Bg6 Qxe6 59. Bxe8 Qxe8 60. Rd6
Bg7 61. Qd3 Qf7 62. Rd8+ Bf8 63. Rd7 Be7 64. Rb7 Qe6 65. Rb8+ Kg7 66. Rb7 Kh6
67. Qf3 a4 68. Rc7 Kg7 69. Rxc6 Qb3 70. Rc3 Qf7 71. Qd3 b4 72. Rc4 a3 73. Qb3
Qf1+ 0-1

[Event "GBR-ch 108th"]
[Site "Torquay"]
[Date "2022.08.18"]
[Round "6.24"]
[White "Forster, Matthew"]
[Black "Okhai, Shabir"]
[Result "0-1"]
[WhiteElo "2058"]
[BlackElo "2137"]
[PlyCount "72"]
[EventDate "2022.08.13"]
[EventType "swiss"]
[EventRounds "9"]
[EventCountry "GBR"]
[SourceTitle "BritBase"]
[Source "John Saunders"]
[SourceDate "2022.08.22"]
[SourceVersion "1"]
[SourceVersionDate "2022.08.22"]
[SourceQuality "2"]

1. c4 g6 2. g3 Bg7 3. Bg2 c5 4. Nc3 Nc6 5. e4 a6 6. a4 d6 7. Nge2 Bg4 8. h3
Bxe2 9. Nxe2 Nf6 10. O-O Nd7 11. d3 O-O 12. f4 Rb8 13. g4 Nd4 14. Ra2 b5 15.
axb5 axb5 16. b3 Ra8 17. Rxa8 Qxa8 18. e5 Qa1 19. exd6 exd6 20. Kh1 bxc4 21.
bxc4 Rb8 22. Nxd4 Bxd4 23. Qe2 Nf6 24. g5 Re8 25. Qf3 Nh5 26. f5 Qa7 27. fxg6
hxg6 28. Bf4 Be5 29. Bh2 Bxh2 30. Kxh2 Re5 31. Qg4 Qe7 32. Be4 Rxg5 33. Qc8+
Kg7 34. Qb7 Qe5+ 35. Kh1 Ng3+ 36. Kg1 Nxe4+ 0-1

[Event "GBR-ch 108th"]
[Site "Torquay"]
[Date "2022.08.18"]
[Round "6.25"]
[White "Payne, Matthew J"]
[Black "Pollack, Oscar"]
[Result "0-1"]
[WhiteElo "2155"]
[BlackElo "2020"]
[PlyCount "77"]
[EventDate "2022.08.13"]
[EventType "swiss"]
[EventRounds "9"]
[EventCountry "GBR"]
[SourceTitle "BritBase"]
[Source "John Saunders"]
[SourceDate "2022.08.22"]
[SourceVersion "1"]
[SourceVersionDate "2022.08.22"]
[SourceQuality "2"]

1. e4 e6 2. d4 d5 3. e5 Bd7 4. Nf3 a6 5. a4 c5 6. dxc5 Bxc5 7. Bd3 Nc6 8. c3
Nge7 9. Bf4 Ng6 10. Bg3 Qb8 11. Qe2 Bb6 12. O-O Qd8 13. h4 Nge7 14. Nbd2 g6 15.
b4 Nf5 16. Bxf5 gxf5 17. Ng5 h6 18. Nh3 Rg8 19. Kh2 Rg4 20. f3 Rxg3 21. Kxg3
Nxe5 22. f4 Ng4 23. Nf2 Nxf2 24. Rxf2 Bxf2+ 25. Qxf2 Qf6 26. Qe3 Rc8 27. Ra3
Qg6+ 28. Kh2 Qg4 29. Nf3 Rc4 30. g3 Re4 31. Qd3 f6 32. Ra2 e5 33. Qxd5 exf4 34.
gxf4 Qxf4+ 35. Kg1 Qxf3 36. Qg8+ Ke7 37. Qg7+ Kd8 38. Qxf6+ Kc7 39. Qd4 0-1

[Event "GBR-ch 108th"]
[Site "Torquay"]
[Date "2022.08.18"]
[Round "6.26"]
[White "Finn, Peter"]
[Black "Ashworth, Michael"]
[Result "1-0"]
[WhiteElo "2033"]
[BlackElo "2039"]
[PlyCount "69"]
[EventDate "2022.08.13"]
[EventType "swiss"]
[EventRounds "9"]
[EventCountry "GBR"]
[SourceTitle "BritBase"]
[Source "John Saunders"]
[SourceDate "2022.08.22"]
[SourceVersion "1"]
[SourceVersionDate "2022.08.22"]
[SourceQuality "2"]

1. d4 g6 2. Nf3 Bg7 3. g3 d6 4. Bg2 Nd7 5. O-O e5 6. b3 Ne7 7. Bb2 O-O 8. c4
exd4 9. Bxd4 Ne5 10. Nxe5 dxe5 11. Bb2 c6 12. Nc3 Qb6 13. Qc2 Nf5 14. e3 Be6
15. Na4 Qa5 16. Bc3 Qc7 17. Nc5 Bc8 18. Rfd1 b6 19. Ne4 Bb7 20. Rd2 Rad8 21.
Rad1 Qe7 22. c5 Rxd2 23. Qxd2 bxc5 24. Qd7 Rb8 25. g4 Qxd7 26. Rxd7 Nh6 27.
Nxc5 Ba8 28. h3 Re8 29. Rxa7 e4 30. Bxg7 Kxg7 31. Bxe4 Ng8 32. Bd3 Nf6 33. Bc4
Nd5 34. e4 Ne7 35. Na6 1-0

[Event "GBR-ch 108th"]
[Site "Torquay"]
[Date "2022.08.18"]
[Round "6.27"]
[White "Walker, Martin G"]
[Black "Donaldson, Thomas"]
[Result "0-1"]
[WhiteElo "2135"]
[BlackElo "1982"]
[PlyCount "56"]
[EventDate "2022.08.13"]
[EventType "swiss"]
[EventRounds "9"]
[EventCountry "GBR"]
[SourceTitle "BritBase"]
[Source "John Saunders"]
[SourceDate "2022.08.22"]
[SourceVersion "1"]
[SourceVersionDate "2022.08.22"]
[SourceQuality "2"]

1. e4 c5 2. Nf3 d6 3. d4 cxd4 4. Nxd4 Nf6 5. Nc3 a6 6. Bg5 e6 7. f4 Be7 8. Qf3
Nbd7 9. O-O-O Qc7 10. Bd3 b5 11. a3 Bb7 12. Rhe1 h6 13. Bh4 g5 14. fxg5 Ne5 15.
Qe2 Nfd7 16. Kb1 hxg5 17. Bg3 Rc8 18. Nf3 Qb6 19. Qe3 Qa5 20. Qd2 Qb6 21. Bf1
Qc7 22. Nd4 Bc6 23. Nxc6 Qxc6 24. Na2 a5 25. Nc3 b4 26. Nb5 bxa3 27. Nxd6+ Bxd6
28. Qxd6 Qxc2+ 0-1

[Event "GBR-ch 108th"]
[Site "Torquay"]
[Date "2022.08.18"]
[Round "6.28"]
[White "Ethelontis, Alexandros N"]
[Black "Mulay, Partha"]
[Result "1-0"]
[WhiteElo "2055"]
[BlackElo "1822"]
[PlyCount "61"]
[EventDate "2022.08.13"]
[EventType "swiss"]
[EventRounds "9"]
[EventCountry "GBR"]
[SourceTitle "BritBase"]
[Source "John Saunders"]
[SourceDate "2022.08.22"]
[SourceVersion "1"]
[SourceVersionDate "2022.08.22"]
[SourceQuality "2"]

1. c4 Nf6 2. g3 g6 3. Bg2 Bg7 4. Nc3 O-O 5. d3 d6 6. Bg5 h6 7. Bd2 e5 8. e4 c6
9. Nge2 Be6 10. O-O Qd7 11. f4 Bh3 12. Rb1 Na6 13. b4 Kh7 14. a4 Nc7 15. b5
Bxg2 16. Kxg2 exf4 17. Nxf4 Ne6 18. Nce2 Nxf4+ 19. Nxf4 Ng4 20. h3 Ne5 21. Qc2
c5 22. b6 a6 23. Nd5 f5 24. exf5 Rxf5 25. Rxf5 Qxf5 26. Rf1 Qxd3 27. Qxd3 Nxd3
28. Rf7 Rf8 29. Rxb7 Rf2+ 30. Kg1 g5 31. Bc3 1-0

[Event "GBR-ch 108th"]
[Site "Torquay"]
[Date "2022.08.18"]
[Round "6.29"]
[White "Rathbone-Jones, Ifan"]
[Black "Horton, Justin"]
[Result "0-1"]
[WhiteElo "2006"]
[BlackElo "2058"]
[PlyCount "70"]
[EventDate "2022.08.13"]
[EventType "swiss"]
[EventRounds "9"]
[EventCountry "GBR"]
[SourceTitle "BritBase"]
[Source "John Saunders"]
[SourceDate "2022.08.22"]
[SourceVersion "1"]
[SourceVersionDate "2022.08.22"]
[SourceQuality "2"]

1. d4 d5 2. Nf3 Nf6 3. g3 c6 4. Bg2 Bg4 5. Ne5 Bf5 6. Nd2 e6 7. Ndf3 h6 8. h4
Nbd7 9. Bf4 Be7 10. O-O O-O 11. Nh2 Nxe5 12. Bxe5 Bd6 13. Nf3 Be4 14. Bxd6 Qxd6
15. c3 c5 16. Nd2 Bxg2 17. Kxg2 cxd4 18. cxd4 Qb4 19. Nb3 b6 20. Qd3 Rfc8 21.
a3 Qa4 22. e3 Rc4 23. Nc5 Qc2 24. Qxc2 Rxc2 25. Nd3 Ne4 26. b4 Rac8 27. b5 Rd2
28. Nb4 Rc3 29. Kg1 Rb3 30. Rac1 Rbb2 31. Rc8+ Kh7 32. Rc7 Nxf2 33. Rxf2 Rxf2
34. Rxa7 Rg2+ 35. Kf1 Rgd2 0-1

[Event "GBR-ch 108th"]
[Site "Torquay"]
[Date "2022.08.19"]
[Round "7.1"]
[White "Arkell, Keith C"]
[Black "Grieve, Harry"]
[Result "1/2-1/2"]
[WhiteElo "2409"]
[BlackElo "2390"]
[PlyCount "53"]
[EventDate "2022.08.13"]
[EventType "swiss"]
[EventRounds "9"]
[EventCountry "GBR"]
[SourceTitle "BritBase"]
[Source "John Saunders"]
[SourceDate "2022.08.22"]
[SourceVersion "1"]
[SourceVersionDate "2022.08.22"]
[SourceQuality "2"]

1. d4 d5 2. c4 e6 3. cxd5 exd5 4. Nf3 c6 5. Nc3 Bf5 6. Bg5 Be7 7. Bxe7 Qxe7 8.
e3 Nf6 9. Bd3 Bxd3 10. Qxd3 O-O 11. O-O Nbd7 12. Qc2 a5 13. Rfe1 Rfe8 14. Rac1
Qd6 15. Ne2 Ne4 16. Nf4 a4 17. Nd3 g6 18. Nfe5 Nxe5 19. Nxe5 c5 20. f3 cxd4 21.
exd4 Qb6 22. Ng4 Qxd4+ 23. Kh1 h5 24. Red1 Qc4 25. fxe4 hxg4 26. Qxc4 dxc4 27.
Rxc4 1/2-1/2

[Event "GBR-ch 108th"]
[Site "Torquay"]
[Date "2022.08.19"]
[Round "7.2"]
[White "Pert, Nicholas"]
[Black "Kirk, Ezra"]
[Result "1-0"]
[WhiteElo "2537"]
[BlackElo "2442"]
[PlyCount "135"]
[EventDate "2022.08.13"]
[EventType "swiss"]
[EventRounds "9"]
[EventCountry "GBR"]
[SourceTitle "BritBase"]
[Source "John Saunders"]
[SourceDate "2022.08.22"]
[SourceVersion "1"]
[SourceVersionDate "2022.08.22"]
[SourceQuality "2"]

1. d4 Nf6 2. Nf3 e6 3. c4 d5 4. Nc3 Nbd7 5. Bg5 h6 6. Bh4 Be7 7. cxd5 exd5 8.
e3 c6 9. Bd3 Ne4 10. Bxe7 Qxe7 11. Qc2 Ndf6 12. O-O O-O 13. Ne5 Bf5 14. Rae1
Nxc3 15. bxc3 Bxd3 16. Nxd3 Rfe8 17. c4 Rac8 18. Rb1 dxc4 19. Qxc4 Ne4 20. Qb4
b6 21. Qxe7 Rxe7 22. Rfc1 Rec7 23. f3 Nd6 24. Kf2 c5 25. dxc5 bxc5 26. Nf4 Kf8
27. e4 Rc6 28. Nd5 Ra6 29. Nc3 Nc4 30. a4 Ne5 31. Rd1 c4 32. Rd5 Nd3+ 33. Ke3
Nc5 34. Rb4 Nd3 35. Rbb5 g5 36. g3 Rac6 37. Rb7 a6 38. Rf5 R8c7 39. Rxc7 Rxc7
40. Rf6 Nb4 41. Rxh6 Rd7 42. Nd5 Nxd5+ 43. exd5 Rxd5 44. Rc6 Re5+ 45. Kf2 Rd5
46. Rxc4 Rd2+ 47. Ke3 Rxh2 48. Rc6 g4 49. fxg4 Rg2 50. Kf3 Rb2 51. Rxa6 Rb4 52.
g5 Kg7 53. a5 Ra4 54. g4 Kg8 55. g6 f6 56. Ra7 Kh8 57. Kg3 Kg8 58. Kh3 Ra3+ 59.
Kh4 Rc3 60. g5 f5 61. a6 Ra3 62. g7 f4 63. Kh5 Kh7 64. g6+ Kg8 65. Kh6 Rh3+ 66.
Kg5 Rc3 67. Rb7 Rc5+ 68. Kh6 1-0

[Event "GBR-ch 108th"]
[Site "Torquay"]
[Date "2022.08.19"]
[Round "7.3"]
[White "Emms, John M"]
[Black "Wadsworth, Matthew J"]
[Result "0-1"]
[WhiteElo "2474"]
[BlackElo "2418"]
[PlyCount "84"]
[EventDate "2022.08.13"]
[EventType "swiss"]
[EventRounds "9"]
[EventCountry "GBR"]
[SourceTitle "BritBase"]
[Source "John Saunders"]
[SourceDate "2022.08.22"]
[SourceVersion "1"]
[SourceVersionDate "2022.08.22"]
[SourceQuality "2"]

1. e4 e6 2. d4 d5 3. Nd2 h6 4. Ngf3 Nf6 5. e5 Nfd7 6. c4 Be7 7. Bd3 c5 8. O-O
Nc6 9. cxd5 exd5 10. Re1 O-O 11. Bb1 Re8 12. dxc5 Nf8 13. a3 a5 14. Nf1 Bxc5
15. h3 Qb6 16. Re2 Be6 17. Ng3 Ng6 18. Bxg6 fxg6 19. Qd3 Bf7 20. h4 Rac8 21.
Bf4 Nd4 22. Nxd4 Bxd4 23. Rae1 Rc4 24. Bc1 Rxe5 25. Rxe5 Bxe5 26. h5 gxh5 27.
Nf5 Qf6 28. Bd2 b6 29. b3 Rc7 30. Ne3 d4 31. Nc4 Bf4 32. Bxf4 Qxf4 33. a4 Qf6
34. Rd1 Rd7 35. Nd2 Bg6 36. Qb5 Rd8 37. Nf3 Kh7 38. Ne5 Be4 39. Nc4 Qg6 40. g3
Qg4 41. Re1 Qf3 42. Rxe4 Qxe4 0-1

[Event "GBR-ch 108th"]
[Site "Torquay"]
[Date "2022.08.19"]
[Round "7.4"]
[White "Eggleston, David J"]
[Black "Clarke, Brandon G I"]
[Result "1-0"]
[WhiteElo "2331"]
[BlackElo "2474"]
[PlyCount "129"]
[EventDate "2022.08.13"]
[EventType "swiss"]
[EventRounds "9"]
[EventCountry "GBR"]
[SourceTitle "BritBase"]
[Source "John Saunders"]
[SourceDate "2022.08.22"]
[SourceVersion "1"]
[SourceVersionDate "2022.08.22"]
[SourceQuality "2"]

1. e4 c5 2. Nf3 Nc6 3. Bb5 g6 4. Bxc6 dxc6 5. d3 Bg7 6. h3 Nf6 7. Nc3 Nd7 8.
Be3 e5 9. Qd2 h6 10. O-O b6 11. Nh2 Nf8 12. f4 exf4 13. Rxf4 Ne6 14. Rf2 Nd4
15. Rb1 Be6 16. a3 a5 17. Ne2 Nxe2+ 18. Rxe2 a4 19. Nf3 Qe7 20. Bf4 O-O-O 21.
Be5 Bxe5 22. Nxe5 Qd6 23. Qc3 Rh7 24. Rf1 Kb7 25. Ref2 Qe7 26. b4 axb3 27. cxb3
Qc7 28. b4 cxb4 29. axb4 f5 30. Nxg6 fxe4 31. dxe4 Rhd7 32. Rf6 Bg8 33. Qe3 Bc4
34. Re1 Rd1 35. e5 R8d3 36. Qf2 R1d2 37. Qh4 Bd5 38. Nf4 Rd4 39. Nxd5 Qg7 40.
g4 Rxd5 41. e6 Qh8 42. Qxh6 Qxh6 43. Rxh6 Ra2 44. Rh7+ Ka6 45. Rh8 Kb7 46. Rh7+
Ka6 47. Rd7 Rxd7 48. exd7 Rd2 49. Re7 c5 50. bxc5 bxc5 51. Kf1 c4 52. Ke1 Rd6
53. g5 Kb5 54. g6 c3 55. Re3 c2 56. Rc3 Rd1+ 57. Ke2 Rxd7 58. h4 Rd4 59. Rxc2
Rxh4 60. Kf3 Rh6 61. Rg2 Rh8 62. g7 Rg8 63. Kf4 Kc6 64. Kf5 Kd7 65. Kf6 1-0